000 00538nam a2200181Ia 4500
999 _c1672
_d1672
003 OSt
005 20200922105328.0
008 190216s9999||||xx |||||||||||||| ||und||
020 _a0706986857
040 _coclc
082 _a581
_bPAN/T
100 _aPandey, S N
_92549
245 0 _aA Textbook Of Botany:
_b Plant Anatomy and Economic Botany /
_cS N Pandey ; A Chandha
260 _bVikas Publishing House,
_aNew Delhi:
_c2006.
300 _a644p
650 _aBotany
942 _cBK
_2ddc
_h581
_iPAN/T
_k581
_mPAN/T